Специфика использования интернет-технологий в школьном образовательном процессе; Вып. 9: Сборник материалов IX Международной конференции молодых ученых "Актуальные проблемы социальных наук", 21-22 апреля 2007 г., Томск

Detalles Bibliográficos
Parent link:Вып. 9: Сборник материалов IX Международной конференции молодых ученых "Актуальные проблемы социальных наук", 21-22 апреля 2007 г., Томск.— 2008.— с. 381-384
Autor principal: Ярославцева О. П.
Lenguaje:ruso
Publicado: 2008
Formato: MixedMaterials Capítulo de libro
KOHA link:https://koha.lib.tpu.ru/cgi-bin/koha/opac-detail.pl?biblionumber=262504

MARC

LEADER 00000naa2a2200000 4500
001 262504
005 20231031222039.0
035 |a (RuTPU)RU\TPU\book\285487 
035 |a RU\TPU\book\285482 
090 |a 262504 
100 |a 20140602d2008 k y0rusy50 ca 
101 0 |a rus 
102 |a RU 
200 1 |a Специфика использования интернет-технологий в школьном образовательном процессе  |f О. П. Ярославцева 
320 |a Библиогр.: с. 384 (3 назв.) 
463 0 |0 (RuTPU)RU\TPU\book\268418  |y 5-94621-248-6  |t Вып. 9: Сборник материалов IX Международной конференции молодых ученых "Актуальные проблемы социальных наук", 21-22 апреля 2007 г., Томск  |v с. 381-384  |d 2008  |p 391 с. 
700 1 |a Ярославцева  |b О. П. 
801 1 |a RU  |b 63413507  |c 20140414 
801 2 |a RU  |b 63413507  |c 20140602  |g RCR 
942 |c BK